| 000 | 01205cam a22002533a 4500 | ||
|---|---|---|---|
| 001 | 1956 | ||
| 003 | PGUSA | ||
| 005 | 20140828083008.0 | ||
| 008 | 991101s1999||||xxu|||||s|||||000 e eng d | ||
| 040 |
_aPGUSA _beng |
||
| 042 | _adc | ||
| 050 | 4 | _aPR | |
| 100 | 1 |
_aBeerbohm, Max, _cSir, _d1872-1956 |
|
| 245 | 1 | 0 |
_aAnd Even Now _h[electronic resource] / _cMax, Beerbohm |
| 260 |
_bProject Gutenberg, _c1999 |
||
| 500 | _aHTML | ||
| 505 | 0 | _aA relic (1918) -- "How shall I word it?" (1910) -- Mobled king (1911) -- Kolniyatsch (1913) -- No. 2. The Pines (1914) -- A letter that was not written (1914) -- Books within books (1914) -- The golden drugget (1918) -- Hosts and guests (1918) -- A point to be remembered by very eminent men (1918) -- Servants (1918) -- Going out for a walk (1918) -- Quia imperfectum (1918) -- Something defeasible (1919) -- "A clergyman" (1918) -- The crime (1920) -- In homes unblest (1919) -- William and Mary (1920) -- On speaking French (1919) -- Laughter (1920). | |
| 506 | _aPublic domain in the USA. | ||
| 516 | _aElectronic text | ||
| 653 | _aEnglish essays | ||
| 830 | 0 |
_aProject Gutenberg _v1956 |
|
| 856 | 4 | 0 | _uhttp://www.gutenberg.org/ebooks/1956 |
| 942 | _cEB | ||
| 999 |
_c231298 _d231298 |
||